000 01115nam a22003377a 4500
003 CHAP
005 20220329133113.0
008 971013s1989 r 00010 d
010 _a2178
011 _a3150
035 _a2350
040 _cCHAP
090 _aTesis
100 0 0 _aVega Arciga, José Martín.
_9118243
245 _aPeríodo crítico de competencia entre las malezas y el cultivo de alegría (Amaranthus hypochondriacus L.)
260 _aChapingo, Méx. :
_bEl Autor,
_c1989
300 _a103 h.
500 _aD44-212
502 _aTesis (Ing. Agr. Esp. en Fitotecnia) -- UACH. Departamento de Fitotecnia
590 _aALEPH
_b10
_c20130110
_lUCH01
_h1212
590 _aBATCH-UPD
_b10
_c20130110
_lUCH01
_h1459
590 _aBATCH-UPD
_b10
_c20130410
_lUCH01
_h0922
590 _aBATCH-UPD
_b10
_c20130914
_lUCH01
_h0302
590 _aCONVERSION
_b10
_c20130109
_lUCH01
_h1302
650 1 4 _aAmaranthus hypochondriacus.
_95106
650 1 4 _aAmaranto.
_95109
650 1 4 _aAmaranto
_xMalas hierbas
_xControl.
_95132
901 _aBK
942 _cTESIS
949 _bBC
_cTES
_d-11850
_eTS1
_h24437
_i2350
_si
999 _c2178
_d2178